Rites de l'Eglise catholique - Statistiques

Statistiques générales
  • Ce quiz a été pris 92 fois
  • Le résultat moyen est 4 sur 11
Statistiques - réponses
Indices géographiques Réponse % Correct
Tout l'occident, et presque toute la planète Rite romain
89%
Liban Rite maronite
67%
Égypte Rite copte
63%
Arménie Rite arménien
50%
Russie, Grèce, Europe de l'est Rite byzantin
43%
Irak et Proche-Orient Rite chaldéen
30%
Inde Rite syriaque oriental
22%
Milan Rite ambrosien
16%
Tolède Rite mozarabe
13%
Éthiopie et Érythrée Rite guèze
9%
Inde, Syrie et Proche-Orient Rite syriaque occidental
9%
Aucun quiz correspondant
Distribution des résultats
% des personnes avec chaque résultat
Percentile par nombre de réponses
Votre historique - résultats
Vous n’avez pas pris ce quiz